000 00292nam a22001337a 4500
008 171004b xxu||||| |||| 00| 0 eng d
020 _a9781429238267
041 _aeng
080 _a159.9
100 _a48
101 _apsi
245 _aEXPLORING PSYCHOLOGY
_cMYERS.D.G
942 _2udc
_cBK
999 _c31753
_d31753